Hepatocellular carcinoma: Detection by iodized oil / (رقم التسجيلة. 34275)

تفاصيل مارك
000 -LEADER
fixed length control field 01041nam a2200277 a 4500
003 - CONTROL NUMBER IDENTIFIER
control field EG-GiCUC
005 - DATE AND TIME OF LATEST TRANSACTION
control field 20250223030422.0
008 - FIXED-LENGTH DATA ELEMENTS--GENERAL INFORMATION
fixed length control field 110530s1996 ua h f m 000 0 eng d
040 ## - CATALOGING SOURCE
Original cataloging agency EG-GiCUC
Language of cataloging eng
Transcribing agency EG-GiCUC
041 0# - LANGUAGE CODE
Language code of text/sound track or separate title eng
049 ## - LOCAL HOLDINGS (OCLC)
Holding library Deposite
097 ## - Thesis Degree
Thesis Level M.Sc
099 ## - LOCAL FREE-TEXT CALL NUMBER (OCLC)
Classification number Cai01.11.31.M.Sc.1996.As.H
100 0# - MAIN ENTRY--PERSONAL NAME
Personal name Ashraf Albert Ayad
245 10 - TITLE STATEMENT
Title Hepatocellular carcinoma: Detection by iodized oil /
Statement of responsibility, etc. Ashraf Albert Ayad ; Supervised Hatem Mostafa El-Gabaly , Mamdouh Mahfouz Ali
246 15 - VARYING FORM OF TITLE
Title proper/short title سرطان الكبد و اكتشافه بواسطة صبغة الزيت الأيودى
260 ## - PUBLICATION, DISTRIBUTION, ETC.
Place of publication, distribution, etc. Cairo :
Name of publisher, distributor, etc. Ashraf Albert Ayad ,
Date of publication, distribution, etc. 1996
300 ## - PHYSICAL DESCRIPTION
Extent 94 Leaves :
Other physical details facsimiles ;
Dimensions 30cm
502 ## - DISSERTATION NOTE
Dissertation note Thesis (M.Sc.) - Cairo University - Faculty of Medicine - Department of Radio-diagnosis
700 0# - ADDED ENTRY--PERSONAL NAME
Personal name Hatem Mostafa Elgabaly ,
Relator term
700 0# - ADDED ENTRY--PERSONAL NAME
Personal name Mamdouh Mahfouz Ali ,
Relator term
856 ## - ELECTRONIC LOCATION AND ACCESS
Uniform Resource Identifier <a href="http://172.23.153.220/th.pdf">http://172.23.153.220/th.pdf</a>
905 ## - LOCAL DATA ELEMENT E, LDE (RLIN)
Cataloger Olfat
Reviser Revisor
905 ## - LOCAL DATA ELEMENT E, LDE (RLIN)
Cataloger Samia
Reviser Cataloger
942 ## - ADDED ENTRY ELEMENTS (KOHA)
Source of classification or shelving scheme Dewey Decimal Classification
Koha item type Thesis
المقتنيات
Source of classification or shelving scheme Not for loan Home library Current library Date acquired Full call number Barcode Date last seen Koha item type
Dewey Decimal Classification   المكتبة المركزبة الجديدة - جامعة القاهرة قاعة الرسائل الجامعية - الدور الاول 11.02.2024 Cai01.11.31.M.Sc.1996.As.H 01010110028991000 22.09.2023 Thesis
Cairo University Libraries Portal Implemented & Customized by: Eng. M. Mohamady Contacts: new-lib@cl.cu.edu.eg | cnul@cl.cu.edu.eg
CUCL logo CNUL logo
© All rights reserved — Cairo University Libraries
CUCL logo
Implemented & Customized by: Eng. M. Mohamady Contact: new-lib@cl.cu.edu.eg © All rights reserved — New Central Library
CNUL logo
Implemented & Customized by: Eng. M. Mohamady Contact: cnul@cl.cu.edu.eg © All rights reserved — Cairo National University Library